000 00803nab a2200241 u 4500
001 10308
003 HDC
007 cr bn ---aaaaa
008 210204c9999 |r|nos 0 a eng d
040 _aHDC
110 _aThe Asian Bridging the Gap
245 0 _aHalal Meat Wholesaler Penalized For Sham Certification
260 _a[no place] :
_b[publisher not identified],
_c[no year]
336 _atext
_2rdacontent
337 _acomputer
_2rdamedia
338 _aonline resource
_2rdacarrier
650 _aHalal meat
_91025
650 _ameat wholesaler
_910533
856 _zRequest full-text at [email protected]
942 _2lcc
942 _cNEWS
942 _kNWSO 000146
999 _c7631
_d7631